000 01356nam0a2200313 4500
001 RU\NLR\bibl\845649
005 20250614150232.0
010 _a5-477-00027-9
_93000
021 _aRU
_b2005-54764
_92677
035 _a(NLR Aleph) 000834431
090 _a1381220
_c1381220
100 _a20050928d2005 |||y0rusy50 ca
101 1 _arus
_ceng
102 _aRU
105 _aa |||||||||
200 1 _aХитрости Photoshop
_eискусство создания фотореалистичных монтажей
_fСтив Кэплин
_g[пер. с англ. С.В. Корсакова]
210 _aМосква
_cNT Press
_d2005
215 _aXII, 308 с.
_cцв. ил.
_d26
_e1 электрон. опт. диск (CD-ROM)
300 _aЗагл. и авт. ориг.: How to cheat in Photoshop: the art of creating photorealistic montages / Steve Caplin
454 0 _12001#$aHow to cheat in Photoshop$ethe art of creating photorealistic montages
_1700#1$aCaplin$bS.$gSteve$4070
_tHow to cheat in Photoshop
_aCaplin, Steve
606 1 _aADOBE PHOTOSHOP, графический редактор
_91993017
_3RU\NLR\auth\66915208
686 _aЗ973.23-018.3
686 _aМ944.8-5-05
700 1 _aКэплин
_bС.
_gСтив
_4070
801 0 _aRU
_bNLR
_c20050928
_grcr
801 1 _aRU
_bNLR
_c20050928
942 _cBOOK
980 _aNB